=LDR 00000nam 2200000 4500 =001 INLIS000000000031214 =005 20130612133311 =008 ***********************************Ind** =035 ##$$0010-061300000031214 =041 ##$$a Ind =082 ##$$a 614 =090 ##$$a 614, Sud s =100 ##$$a Sudarma, Maman =245 ##$$a Sosiologi untuk kesehatan, Maman Sudarma =260 ##$$a 2008 $b Jakarta =300 ##$$a xiv, 249 hlm, 23 cm =650 ##$$a Kesehatan =850 ##$$a NBPNMAT =990 ##$$a 21194720/BPAP-NTB/2014 =990 ##$$a 21400613/BPAP-NTB/20142014 =990 ##$$a 0001/BPAP-NTB/20142014 =990 ##$$a 0001/BPAP-NTB/2016